000 00700nam a22002777a 4500
003 UA-OsUOA
001 26808
007 ta
008 20040609b un ||||| |||| 00| 0 ukr d
100 _aБичко І.В.
700 _aТабачковський В.Г.
700 _aГорак Г.І.
090 _a101.1
_bФ56
942 _cBK
040 _aUA-OsUOA
_bukr
_cUA-OsUOA
_dUA-OsUOA
245 _aФілософія.
_bкурс лекцій : навчальний посібник.
300 _a576 с.
955 _a0
041 _aukr
080 _a101.1
020 _a5-325-00409-3
260 _aКиїв
_bЛибідь
_c1993
044 _aUA
650 7 _2UDC
999 _c313139
_d313139